Eminem Kamikaze Quiz - Statistics

General Stats
  • This quiz has been taken 273 times
  • The average score is 10 of 13
Answer Stats
Song % Correct
Kamikaze
91%
Lucky You ft. Joyner Lucas
91%
The Ringer
89%
Fall
86%
Not Alike ft. Royce Da 5'9"
85%
Venom
85%
Good Guy ft. Jessie Reyez
82%
Greatest
80%
Nice Guy ft. Jessie Reyez
79%
Stepping Stone
75%
Paul (Skit)
73%
Normal
70%
Em Calls Paul (Skit)
60%
No matching quizzes found
Score Distribution
Percent of People with Each Score
Percentile by Number Answered
Your Score History
You have not taken this quiz